[Event "Lugano op"]
[Site "Lugano"]
[Date "2006.11.18"]
[Round "3"]
[White "Monnerat, David"]
[Black "Huber, Raffael"]
[Result "1-0"]
[WhiteElo "1973"]
[BlackElo "1734"]
[PlyCount "65"]
[EventDate "2006.11.17"]
[EventType "swiss"]
[EventRounds "5"]
[EventCountry "SUI"]
[SourceTitle "EXT 2008"]
[Source "ChessBase"]
[SourceDate "2007.11.25"]
[SourceVersion "1"]
[SourceVersionDate "2007.11.25"]
[SourceQuality "1"]

1. d4 Nf6 2. Nc3 g6 3. e4 d5 4. e5 Ne4 5. Bd3 Nxc3 6. bxc3 Bg7 7. Be3 0-0 8. h4 e6 9. h5 c5 10. Qd2 cxd4 11. cxd4 Nc6 12. Ne2 Qa5 13. c3 Nxe5 14. dxe5 Bxe5 15. Bd4 Bxd4 16. cxd4 Qxd2+ 17. Kxd2 Bd7 18. f4 f5 19. hxg6 hxg6 20. Ng1 Kg7 21. Nf3 Rh8 22. Ne5 Rxh1 23. Rxh1 Ba4 24. Rc1 b5 25. Rc7+ Kh6 26. g3 g5 27. Nf7+ Kg6 28. Nxg5 Rh8 29. Nf3 Rh3 30. Ne5+ Kh6 31. g4 Rh2+ 32. Kc3 Rh3 33. g5+ 1-0

[Event "Lugano op"]
[Site "Lugano"]
[Date "2004.11.01"]
[Round "5"]
[White "Steffen, Helmut"]
[Black "Huber, Raffael"]
[Result "1-0"]
[WhiteElo "1548"]
[BlackElo "1576"]
[PlyCount "55"]
[EventDate "2004.10.30"]
[EventType "swiss"]
[EventRounds "6"]
[EventCountry "SUI"]
[SourceTitle "EXT 2007"]
[Source "ChessBase"]
[SourceDate "2006.11.23"]
[SourceVersion "1"]
[SourceVersionDate "2006.11.23"]
[SourceQuality "1"]

1. d4 Nf6 2. c4 g6 3. Nc3 d5 4. Bg5 dxc4 5. e3 Bg7 6. Bxc4 0-0 7. Nf3 c5 8. 0-0 cxd4 9. exd4 Nbd7 10. Qd2 Nb6 11. Bb3 Bf5 12. Rad1 Re8 13. h3 Nbd5 14. Bxf6 Nxc3 15. Bxg7 Nxd1 16. Qh6 e6 17. Ng5 Qxg5 18. Qxg5 Kxg7 19. Rxd1 Rac8 20. h4 h6 21. Qg3 h5 22. d5 exd5 23. Bxd5 b6 24. Bb3 Re7 25. Qd6 Rd7 26. Qe5+ Kg8 27. Rxd7 Bxd7 28. Qe7 1-0